Những cuộc hôn thú man dại = Les noces barbares

保存先:
書誌詳細
第一著者: Yann Queffelec
フォーマット: 図書
言語:Undetermined
出版事項: Hà Nội Văn Học 1997
主題:
タグ: タグ追加
タグなし, このレコードへの初めてのタグを付けませんか!
Thư viện lưu trữ: Trung tâm Học liệu Trường Đại học Cần Thơ
LEADER 00543nam a2200181Ia 4500
001 CTU_22511
008 210402s9999 xx 000 0 und d
082 |a 843.9 
082 |b Q3 
100 |a Yann Queffelec 
245 0 |a Những cuộc hôn thú man dại 
245 0 |b = Les noces barbares 
245 0 |c Yann Queffelec; Dịch giả: Trịnh Xuân Hoành 
260 |a Hà Nội 
260 |b Văn Học 
260 |c 1997 
650 |a french fiction - 20th century 
980 |a Trung tâm Học liệu Trường Đại học Cần Thơ